
Library Catalogue

| 000 -LEADER | |
|---|---|
| fixed length control field | 02007nam a2200229Ia 4500 |
| 003 - CONTROL NUMBER IDENTIFIER | |
| control field | OSt |
| 005 - DATE AND TIME OF LATEST TRANSACTION | |
| control field | 20211021122109.0 |
| 008 - FIXED-LENGTH DATA ELEMENTS--GENERAL INFORMATION | |
| fixed length control field | 160316s2003 xxu||||| |||| 00| 0 eng d |
| 020 ## - INTERNATIONAL STANDARD BOOK NUMBER | |
| International Standard Book Number | 9780421788008 |
| 040 ## - CATALOGING SOURCE | |
| Transcribing agency | n |
| 082 ## - DEWEY DECIMAL CLASSIFICATION NUMBER | |
| Classification number | 346.066000 |
| Item number | GOW-1 |
| 100 ## - MAIN ENTRY--PERSONAL NAME | |
| Personal name | Gower L C B |
| 245 ## - TITLE STATEMENT | |
| Title | Principles of modern company law |
| 250 ## - EDITION STATEMENT | |
| Edition statement | 7th |
| 260 ## - PUBLICATION, DISTRIBUTION, ETC. | |
| Place of publication, distribution, etc. | London |
| Name of publisher, distributor, etc. | Sweet & Maxwell |
| Date of publication, distribution, etc. | 2003 |
| 300 ## - PHYSICAL DESCRIPTION | |
| Extent | 897p |
| Dimensions | lxxvii |
| 365 ## - TRADE PRICE | |
| Price amount | Rs.1,222 |
| 505 ## - FORMATTED CONTENTS NOTE | |
| Formatted contents note | Contents: <br/>Part One : Introductory;<br/>1. Types and functions of companies;<br/>2. Advantages and disadvantages of incorporation;<br/>3. Sources of company law and the company's constitution;<br/>4. Formation procedures;<br/>5. Promoters;<br/>6. Oversea companies, community law and jurisdictional migration;<br/>Part Two : Separate legal personality and limited liability;<br/>7. Corporate actions;<br/>8. Limited liability and lifting the veil at common law;<br/>9. Statutory exceptions to limited liability;<br/>10. Disqualification of directors;<br/>11. The raising of capital;<br/>12. Capital maintenance;<br/>13. Capital and dividends;<br/>Part Three : Corporate governance;<br/>14. The board: functions, appointment and removal, and structure;<br/>15. Shareholder decision making;<br/>16. Directors' duties;<br/>17. The enforcement of directors' duties;<br/>18. Breach of corporate duties: administrative remedies;<br/>Part Four : Corporate governance;<br/>majority and minority shareholders;<br/>19. Controlling members' voting;<br/>20. Unfair prejudice;<br/>Part Five : Public information about the company;<br/>21. Publicity and accounts;<br/>22. Audits and auditors;<br/>23. Disclosure and market transparency;<br/>Part Six : Equity finance;<br/>24. The nature and classification of shares;<br/>25. Share issues: general rules;<br/>26. Public offers of shares;<br/>27. Transfers of shares;<br/>28. Takeovers;<br/>29. Insider dealing and market abuse;<br/>30. Other forms of reconstruction;<br/>Part Seven : Debt finance;<br/>31. Debentures;<br/>32. Company charges;<br/>Appendix;<br/>Index. |
| 650 ## - SUBJECT ADDED ENTRY--TOPICAL TERM | |
| Topical term or geographic name entry element | 1. Company Laws |
| 700 ## - ADDED ENTRY--PERSONAL NAME | |
| Personal name | |
| -- | |
| 942 ## - ADDED ENTRY ELEMENTS (KOHA) | |
| Source of classification or shelving scheme | Dewey Decimal Classification |
| Koha item type | BOOKs |
| Withdrawn status | Lost status | Damaged status | Not for loan | Home library | Current library | Shelving location | Date acquired | Cost, normal purchase price | Total Checkouts | Full call number | Barcode | Date last seen | Price effective from | Koha item type |
|---|---|---|---|---|---|---|---|---|---|---|---|---|---|---|
| . | . | 30.05.2017 | 1222.00 | 346.066 GOW-1 | 18362 | 14.06.2024 | 30.05.2017 | BOOKs |